| 000 | 01138na a2200265 4500 | ||
|---|---|---|---|
| 001 | 20501 | ||
| 003 | MIRAKIL | ||
| 005 | 20181213154816.0 | ||
| 008 | 170123b tu 000 0 | ||
| 040 |
_aMilas _btur _cTR-AnCHP |
||
| 041 | _atur | ||
| 082 |
_aATA 338.9956 _bA72 1982 |
||
| 090 | _aATA 338.9956 A72 1982 | ||
| 111 |
_aAtatürk Dönemi Ekonomi Politikası ve Türkiye'nin Ekonomik Gelişmesi Semineri _cAnkara _d1981 |
||
| 245 |
_aAtatürk dönemi ekonomi politikası ve Türkiye'nin ekonomik gelişmesi semineri _cA.Ü. Siyasal Bilgiler Fakültesi Maliye Enstitüsü, Türkiye Ekonomi Kurumu |
||
| 260 |
_aAnkara _bA.Ü. Siyasal Bilgiler Fakültesi Yayınları _c1982 |
||
| 300 |
_axii, 303 s. _btbl. _c24 sm. |
||
| 490 |
_aAnkara Üniversitesi Siyasal Bilgiler Fakültesi Yayınları _v513 |
||
| 600 |
_aAtatürk, Mustafa Kemal _d1881-1938 _xEkonomik görüşler |
||
| 650 |
_aMilli Mücadele Dönemi _xEkonomi _yToplantılar _yBüyüme ve gelişme |
||
| 650 |
_aEkonomi _xTarih _yToplantılar _zTürkiye |
||
| 710 | _aTürkiye Ekonomi Kurumu | ||
| 710 | _aSiyasal Bilgiler Fakültesi Maliye Enstitüsü | ||
| 942 |
_2dcc _cBKS |
||
| 999 |
_c1243 _d1243 |
||